Brown v Ridley and Another (Record no. 122108)
[ view plain ]
| 000 -LEADER | |
|---|---|
| fixed length control field | 01462naa a22002177a 4500 |
| 008 - FIXED-LENGTH DATA ELEMENTS--GENERAL INFORMATION | |
| fixed length control field | 250227e20250227xxk|||||ov|||o00| | eng d |
| 041 ## - LANGUAGE CODE | |
| Language code of text/sound track or separate title | eng |
| 245 ## - TITLE STATEMENT | |
| Title | Brown v Ridley and Another |
| Subtitle | [2025] UKSC 7 |
| 260 ## - PUBLICATION INFORMATION | |
| Publisher | The Supreme Court, |
| Date | 26 February 2025 |
| 520 ## - ABSTRACT | |
| Abstract | Supreme Court judgment 26 February 2025. Allowed the appeal from the Upper Tribunal [2024] UKUT 14 (LC). Issue: What is the period of ten years in which an applicant for registration as the owner of land over on the basis of adverse possession must hold the reasonable belief that they were the owner of that land under paragraph 5(4)(c) of Schedule 6 of the Land Registration Act 2002? <br/><br/>An adverse possession claim based on the squatter's reasonable mistake as to boundaries under the Land Registration Act 2002, the requirement for ten years of reasonable belief of ownership could be any period of ten years; it did not have to be the ten years ending on the date of the application. |
| 520 ## - ABSTRACT | |
| Abstract | Justices: Lord Briggs, Lord Hamblen, Lord Stephens, Lady Rose, Lady Simler |
| 520 ## - ABSTRACT | |
| Abstract | Judgment appealed [2024] UKUT 14 (LC) |
| 650 ## - KEYWORDS | |
| Keywords | BROWN v RIDLEY |
| 650 ## - KEYWORDS | |
| Keywords | BOUNDARY DISPUTES |
| 650 ## - KEYWORDS | |
| Keywords | LAND REGISTRATION ACT 2002 |
| 650 ## - KEYWORDS | |
| Keywords | SQUATTER'S RIGHTS |
| 650 ## - KEYWORDS | |
| Keywords | ADVERSE POSSESSION |
| 651 ## - SUBJECT ADDED ENTRY--GEOGRAPHIC NAME | |
| Geographic name | United Kingdom |
| 690 ## - LOCAL SUBJECT ADDED ENTRY--TOPICAL TERM (OCLC, RLIN) | |
| Topical term or geographic name as entry element | Boundary disputes |
| 9 (RLIN) | 6221 |
| 856 ## - ONLINE RESOURCE | |
| Uniform Resource Identifier | https://supremecourt.uk/cases/judgments/uksc-2024-0044 |
| Public note | Judgement available on the Supreme Court website |
| Withdrawn status | Lost status | Damaged status | Koha normalized classification for sorting | Not for loan | Home library | Current library | Shelving location | Date acquired | Total Checkouts | Full call number | Date last seen | Price effective from | Koha item type |
|---|---|---|---|---|---|---|---|---|---|---|---|---|---|
| ONLINE_JUDGMENT | Virtual | Virtual | Online | 27/02/2025 | ONLINE JUDGMENT | 27/02/2025 | 27/02/2025 | Law report |